000 00284nam a2200109Ia 4500
008 220214s9999 xx 000 0 und d
100 _aYoung Peter
245 0 _aNational digital library for agriculture
260 _bIAALD Quarteerly Bulletin
_c2004
300 _a114-122
942 _cRE
999 _c46219
_d46219